R6 Operator abilities - Statistics

General Stats
  • This quiz has been taken 236 times
    235 since last reset
  • The average score is 46 of 67
Answer Stats
Device Operator % Correct
Round that explodes soft wall ash
92%
Ringing you phone dok
87%
extendable shield mont
87%
bear trap in a rug frost
86%
shield that blinds opponents blitz
85%
can switch from rifle to shotgun buck
84%
electric shield clash
83%
mines that go off in proximity and impair vision and hearing ela
82%
jammer that deactivates other devices like drones mute
82%
puts stronger barricades on doors and windows castle
81%
sledge hammer sledge
81%
freezing bomb (yea I'll give a freebie (tubarao) tubarao
81%
sense your heart through walls pulse
80%
see electronics through walls (attacker) iq
79%
air jabs that throw you away from them nomad
79%
remote activated gas bombs smoke
79%
track your footprints jackal
78%
Blind opponents with a ball ying
78%
aqua breach that makes 2 rectangle holes in a wall ace
76%
deathmark that reveals enemies position deimos
76%
sniper rifle kali
76%
drones that can shoot an electric beam twitch
76%
drone that can disorient enimies echo
75%
adrenaline to your team finka
75%
armor plates for his whole team rook
75%
goo mines that get stuck in operators feet lesion
74%
swap conscious between robots skopos
74%
crossbow that can shoot fire and smoke capitao
73%
gas tanks that can be shot and blow fire everywhere goyo
73%
device that stops throwables like nads and flashes jager
73%
sniper that can see through smoke glaz
72%
deploys a human like drone to scout iana
72%
breach that blows and entire reinforced wall away thermite
71%
launcher with thermal breaching pellets for reinforced walls hibana
70%
one way window mira
70%
cameras cant see you (attacker) nokk
70%
car batteries that electrify metal bandit
69%
claws that electrify metal kaid
69%
place down very small cameras valk
69%
shield you can see through and place down osa
68%
device that rips through wood ceilings and soft walls ram
67%
cameras cant see you (defender) vigil
67%
can ram over enemies and run through walls oryx
66%
fire launcher tachanka
66%
catches throwables then sets them off wamai
66%
stems you can shoot into your teammates doc
65%
see electronics through walls (defender) solis
65%
better emp gernades thatcher
65%
stands that shoot healing balls at everyone thunderbird
65%
walks silently caveria
62%
devices that blow up when you walk through the door kapkan
62%
gun that shoots cameras onto walls (attacker) zero
60%
Shootable ela mines zofia
60%
clone that pings enemies when shot alibi
59%
drones that explode after a timer flores
57%
device shoots grenades through a wall into a room fuze
57%
grappling hook amaru
54%
electric barriers on doors aruni
54%
scan that pings people that move lion
52%
triangle shaped device that slows down enemies melusi
52%
can take control of attackers drones mozzie
51%
goggles that make flash and smoke bombs non effective warden
50%
shield that's lowers the top part when you want to shoot blackbeard
46%
camera that can shoot electric beams at enemies maestro
46%
flamethrower than can makes holes in reinforced walls maverick
46%
throwable that covers the area in spikes gridlock
45%
mine that shoots out blades doing massive damage thorn
34%
No matching quizzes found
Score Distribution
Percent of People with Each Score
Percentile by Number Answered
Your Score History
You have not taken this quiz since the last reset